000 00890nam a22002417a 4500
008 240619b mp ||||| |||| 00| 0 mon d
020 _a978-99973-1-589-2
035 _a24135
040 _aUV1862160
_bmon
_cMN-UlNLM
_dMN-UlNLM
_erda
041 _amon
042 _a53875
082 _210-t
_a891.7
_bМ.26
100 _aМаркес Г.
245 0 _aТахлын үеийн дурлал
264 _aУБ
_bМонсудар
_c2019
300 _a478х.
336 _2rdacontent
_atext
_btxt
337 _2rdamedia
_aunmediated
_bn
338 _2rdacarrier
_avolume
_bnc
650 _aФлорентино бүр өсвөр насны хүү байхаасаа л Ферминад дундаршгүй сэтгэлээр дурлаж, түүнтэй уран яруу үгтэй захидлаар харилцсаар, г...
942 _210-t
_cBK
999 _c925218
_d925275